Nineteenth-century literature in transition: (Record no. 1058)

MARC details
000 -LEADER
fixed length control field 00606nam a22001937a 4500
005 - DATE AND TIME OF LATEST TRANSACTION
control field 20230213074952.0
008 - FIXED-LENGTH DATA ELEMENTS--GENERAL INFORMATION
fixed length control field 230213b |||||||| |||| 00| 0 eng d
020 ## - INTERNATIONAL STANDARD BOOK NUMBER
International Standard Book Number 978-1-107-18190-8
082 ## - DEWEY DECIMAL CLASSIFICATION NUMBER
Classification number 820.9008 N714 2019
100 ## - MAIN ENTRY--PERSONAL NAME
Personal name Fielding, Penny
Relator term editor
245 ## - TITLE STATEMENT
Title Nineteenth-century literature in transition:
Remainder of title the 1880s /
Statement of responsibility, etc. edited by Penny Fielding, Andrew Taylor
260 ## - PUBLICATION, DISTRIBUTION, ETC.
Place of publication, distribution, etc. Cambridge, UK:
Name of publisher, distributor, etc. Cambridge University Press,
Date of publication, distribution, etc. c2019
300 ## - PHYSICAL DESCRIPTION
Extent xi, 249p.
504 ## - BIBLIOGRAPHY, ETC. NOTE
Bibliography, etc. note Includes index
541 ## - IMMEDIATE SOURCE OF ACQUISITION NOTE
Accession number 6688
650 ## - SUBJECT ADDED ENTRY--TOPICAL TERM
Topical term or geographic name entry element English literature
650 ## - SUBJECT ADDED ENTRY--TOPICAL TERM
Topical term or geographic name entry element Literature
700 ## - ADDED ENTRY--PERSONAL NAME
Personal name Taylor, Andrew
Relator term editor
Holdings
Withdrawn status Lost status Source of classification or shelving scheme Damaged status Not for loan Home library Current library Date acquired Total Checkouts Full call number Barcode Date last seen Copy number Price effective from Koha item type
    Dewey Decimal Classification     ctu-moalboal ctu-moalboal 02/19/2021   820.9008 N714 2019 6688 02/13/2023 1 02/13/2023 Books-Reference